Gaming Quiz

Random Gaming or Video Games Quiz
Score 0/17 Timer 05:00
0 Plays Today
Location Companion % Correct
Red Rocket Truck StopDogmeat
95.6%
Diamond CityPiper Wright
90.9%
Sanctuary HillsCodsworth
89.4%
Trinity TowerStrong
88.5%
Museum of FreedomPreston Garvey
87.1%
Vault 114 (Park Street Station)Nick Valentine
85.3%
Cambridge Police StationPaladin Danse
84.5%
Combat ZoneCait
83.4%
GoodneighborJohn Hancock
82.8%
Location Companion % Correct
Vault 81Curie
79.1%
Old North ChurchDeacon
74.8%
The Third Rail (Goodneighbor)MacCready
64.7%
The InstituteX6-88
57.6%
Fizztop Grille (Nuka World)Porter Gage
45.6%
The Last Plank (Far Harbor)Old Longfellow
40.8%
VariableAda
29.3%
N/ACustom Automatron
13.8%
Come Together.
Have Fun.
All Virtual.
We all need to come together. Play Sporcle's virtual live trivia to have fun, connect with people, and get your trivia on. Join a live hosted trivia game for your favorite pub trivia experience done virtually. If a virtual private party is more your thing, go here for details.

You're not logged in!

Compare scores with friends on all Sporcle quizzes.
OR
Log In

Sporcle TV

Today on Sporcle TV


Watch our educational content, quiz creation guides, and fun videos on Sporcle TV.

Show Comments

Extras

Top Quizzes Today


Score Distribution

Paid Content

Your Account Isn't Verified!

In order to create a playlist on Sporcle, you need to verify the email address you used during registration. Go to your Sporcle Settings to finish the process.

Report this User

Report this user for behavior that violates our Community Guidelines.

Details: